<?xml version="1.0" encoding="UTF-8"?>
<record
    xmlns:xsi="http://www.w3.org/2001/XMLSchema-instance"
    xsi:schemaLocation="http://www.loc.gov/MARC21/slim http://www.loc.gov/standards/marcxml/schema/MARC21slim.xsd"
    xmlns="http://www.loc.gov/MARC21/slim">

  <leader>00280nam a2200121Ia 4500</leader>
  <controlfield tag="008">191201s2016    xx            000 0 und d</controlfield>
  <datafield tag="100" ind1=" " ind2=" ">
    <subfield code="a">RAGHUNATH,H.M.</subfield>
  </datafield>
  <datafield tag="245" ind1=" " ind2="0">
    <subfield code="a">Ground Water</subfield>
  </datafield>
  <datafield tag="260" ind1=" " ind2=" ">
    <subfield code="a">N. delhi</subfield>
    <subfield code="b">New Age</subfield>
    <subfield code="c">2016</subfield>
  </datafield>
  <datafield tag="300" ind1=" " ind2=" ">
    <subfield code="a">503</subfield>
  </datafield>
  <datafield tag="650" ind1=" " ind2=" ">
    <subfield code="a">B.Tech(CE)</subfield>
  </datafield>
  <datafield tag="942" ind1=" " ind2=" ">
    <subfield code="2">ddc</subfield>
    <subfield code="c">BK</subfield>
    <subfield code="0">4</subfield>
  </datafield>
  <datafield tag="999" ind1=" " ind2=" ">
    <subfield code="c">6501</subfield>
    <subfield code="d">6501</subfield>
  </datafield>
  <datafield tag="952" ind1=" " ind2=" ">
    <subfield code="0">0</subfield>
    <subfield code="1">0</subfield>
    <subfield code="2">ddc</subfield>
    <subfield code="4">0</subfield>
    <subfield code="7">0</subfield>
    <subfield code="8">BTECHCE</subfield>
    <subfield code="a">PIET</subfield>
    <subfield code="b">PIET</subfield>
    <subfield code="d">2016-01-03</subfield>
    <subfield code="e">KIRTI PRAKASHAN, NEW DELHI</subfield>
    <subfield code="g">595.00</subfield>
    <subfield code="k">IN3717</subfield>
    <subfield code="l">0</subfield>
    <subfield code="o">627.17 RAG</subfield>
    <subfield code="p">28119</subfield>
    <subfield code="r">2019-12-04 00:00:00</subfield>
    <subfield code="v">392.70</subfield>
    <subfield code="w">2016-02-22</subfield>
    <subfield code="y">BK</subfield>
  </datafield>
  <datafield tag="952" ind1=" " ind2=" ">
    <subfield code="0">0</subfield>
    <subfield code="1">0</subfield>
    <subfield code="2">ddc</subfield>
    <subfield code="4">0</subfield>
    <subfield code="7">0</subfield>
    <subfield code="8">BTECHCE</subfield>
    <subfield code="a">PIET</subfield>
    <subfield code="b">PIET</subfield>
    <subfield code="d">2016-01-03</subfield>
    <subfield code="e">KIRTI PRAKASHAN, NEW DELHI</subfield>
    <subfield code="g">595.00</subfield>
    <subfield code="k">IN3717</subfield>
    <subfield code="l">2</subfield>
    <subfield code="o">627.17 RAG</subfield>
    <subfield code="p">28120</subfield>
    <subfield code="r">2021-03-09 00:00:00</subfield>
    <subfield code="s">2021-03-02</subfield>
    <subfield code="v">392.70</subfield>
    <subfield code="w">2016-02-22</subfield>
    <subfield code="y">BK</subfield>
  </datafield>
  <datafield tag="952" ind1=" " ind2=" ">
    <subfield code="0">0</subfield>
    <subfield code="1">0</subfield>
    <subfield code="2">ddc</subfield>
    <subfield code="4">0</subfield>
    <subfield code="7">0</subfield>
    <subfield code="8">BTECHCE</subfield>
    <subfield code="a">PIET</subfield>
    <subfield code="b">PIET</subfield>
    <subfield code="d">2016-01-03</subfield>
    <subfield code="e">KIRTI PRAKASHAN, NEW DELHI</subfield>
    <subfield code="g">595.00</subfield>
    <subfield code="k">IN3717</subfield>
    <subfield code="l">2</subfield>
    <subfield code="p">28121</subfield>
    <subfield code="q">2022-07-19</subfield>
    <subfield code="r">2022-01-20 00:00:00</subfield>
    <subfield code="s">2022-01-20</subfield>
    <subfield code="v">392.70</subfield>
    <subfield code="w">2016-02-22</subfield>
    <subfield code="y">BK</subfield>
  </datafield>
  <datafield tag="952" ind1=" " ind2=" ">
    <subfield code="0">0</subfield>
    <subfield code="1">0</subfield>
    <subfield code="2">ddc</subfield>
    <subfield code="4">0</subfield>
    <subfield code="7">0</subfield>
    <subfield code="8">BTECHCE</subfield>
    <subfield code="a">PIET</subfield>
    <subfield code="b">PIET</subfield>
    <subfield code="d">2016-01-03</subfield>
    <subfield code="e">KIRTI PRAKASHAN, NEW DELHI</subfield>
    <subfield code="g">595.00</subfield>
    <subfield code="k">IN3717</subfield>
    <subfield code="l">0</subfield>
    <subfield code="o">627.17 RAG</subfield>
    <subfield code="p">28122</subfield>
    <subfield code="r">2019-12-04 00:00:00</subfield>
    <subfield code="v">392.70</subfield>
    <subfield code="w">2016-02-22</subfield>
    <subfield code="y">BK</subfield>
  </datafield>
  <datafield tag="952" ind1=" " ind2=" ">
    <subfield code="0">0</subfield>
    <subfield code="1">0</subfield>
    <subfield code="2">ddc</subfield>
    <subfield code="4">0</subfield>
    <subfield code="7">0</subfield>
    <subfield code="8">BTECHCE</subfield>
    <subfield code="a">PIET</subfield>
    <subfield code="b">PIET</subfield>
    <subfield code="d">2016-01-03</subfield>
    <subfield code="e">KIRTI PRAKASHAN, NEW DELHI</subfield>
    <subfield code="g">595.00</subfield>
    <subfield code="k">IN3717</subfield>
    <subfield code="l">0</subfield>
    <subfield code="o">627.17 RAG</subfield>
    <subfield code="p">28123</subfield>
    <subfield code="r">2019-12-04 00:00:00</subfield>
    <subfield code="v">392.70</subfield>
    <subfield code="w">2016-02-22</subfield>
    <subfield code="y">BK</subfield>
  </datafield>
</record>
